|
|
|
|
| LEADER |
00890nam a2200253 u 4500 |
| 001 |
10006919 |
| 003 |
upatras |
| 005 |
20210117203922.0 |
| 008 |
881025s1980 fr fre |
| 020 |
|
|
|a 3484103841
|
| 040 |
|
|
|a GR-PaULI
|c GR-PaULI
|
| 041 |
0 |
|
|a fre
|
| 082 |
0 |
4 |
|a 792
|
| 245 |
1 |
0 |
|a Die meininger
|b texte zur rezeption
|
| 260 |
|
|
|a Tubingen
|b Max Niemeyer Verlag
|c 1980
|
| 300 |
|
|
|a 206p.
|c 21 cm
|
| 505 |
1 |
|
|a Includes bibliography
|
| 650 |
|
4 |
|a Θέατρο
|9 508
|
| 650 |
|
4 |
|a Θέατρο
|x Δοκίμια
|9 5650
|
| 700 |
1 |
|
|9 112094
|a Osborne, John,
|d 1929-1994
|
| 852 |
|
|
|a GR-PaULI
|b ΠΑΤΡΑ
|b ΘΕΑΤΡΟΛΟΓΙΑ
|k ΑΣΧΞ
|h 792 O
|m 25868
|p 025000011829
|t 1
|
| 942 |
|
|
|2 ddc
|c BK15
|
| 952 |
|
|
|0 0
|1 0
|2 ddc
|4 0
|6 792_023300000000000_092_OSB
|7 0
|9 129784
|a THST
|b THST
|d 2016-04-24
|i 002993
|l 0
|o 792.0233 092 OSB
|p 025000011829
|r 2016-04-24 00:00:00
|t 1
|w 2016-04-24
|y BK15
|
| 999 |
|
|
|c 85054
|d 85054
|